000 00272nam a22001097a 4500
082 _a070/CHO
100 _aChoudhary,S.K.
_981401
245 _aRole of Media in Women Empowerment
260 _aDelhi
_bRupa Publication
_c2017
650 _aJournallism
_981402
942 _cBK
999 _c65401
_d65401